EU Official And Working Languages - Statistics

General Stats
  • This quiz has been taken 60 times
  • The average score is 22 of 24
Answer Stats
Answer % Correct
German
100%
Spanish
100%
English
98%
French
98%
Dutch
96%
Greek
96%
Polish
96%
Swedish
96%
Italian
95%
Portuguese
93%
Romanian
93%
Czech
91%
Danish
91%
Slovak
91%
Hungarian
88%
Latvian
88%
Lithuanian
88%
Croatian
86%
Estonian
86%
Finnish
86%
Bulgarian
84%
Irish
84%
Slovenian
82%
Maltese
68%
No matching quizzes found
Score Distribution
Percent of People with Each Score
Percentile by Number Answered
Your Score History
You have not taken this quiz